Astrophysics and space physics reviews (Record no. 9810)
[ view plain ]
| 000 -LEADER | |
|---|---|
| fixed length control field | 00657nam a2200205Ia 4500 |
| 003 - CONTROL NUMBER IDENTIFIER | |
| control field | IN-BaIIA |
| 008 - FIXED-LENGTH DATA ELEMENTS--GENERAL INFORMATION | |
| fixed length control field | 211028s9999 xx 000 0 eng d |
| 020 ## - INTERNATIONAL STANDARD BOOK NUMBER | |
| International Standard Book Number | 3-7186-4841-5 |
| 040 ## - CATALOGING SOURCE | |
| Transcribing agency | IIA Library |
| 080 ## - UNIVERSAL DECIMAL CLASSIFICATION NUMBER | |
| Universal Decimal Classification number | 047.1:524 |
| Item number | SYU |
| 245 #0 - TITLE STATEMENT | |
| Title | Astrophysics and space physics reviews |
| Remainder of title | vol. 6, pt. 1-5 |
| Statement of responsibility, etc. | edited by R. A. Syunyaev |
| 260 ## - PUBLICATION, DISTRIBUTION, ETC. | |
| Place of publication, distribution, etc. | LondonHarwood Academic Publishers |
| Date of publication, distribution, etc. | 1988 |
| 300 ## - PHYSICAL DESCRIPTION | |
| Extent | iii, 575p. |
| 490 ## - SERIES STATEMENT | |
| Series statement | Soviet scientific reviews |
| 650 ## - SUBJECT ADDED ENTRY--TOPICAL TERM | |
| Topical term or geographic name entry element | Astronomy |
| 9 (RLIN) | 80 |
| 650 ## - SUBJECT ADDED ENTRY--TOPICAL TERM | |
| Topical term or geographic name entry element | Astronomy and Astrophysics thesaurus |
| 650 ## - SUBJECT ADDED ENTRY--TOPICAL TERM | |
| Topical term or geographic name entry element | Astrophysics |
| 9 (RLIN) | 794 |
| 700 ## - ADDED ENTRY--PERSONAL NAME | |
| Personal name | Syunyaev, R. A. ed., |
| 9 (RLIN) | 16614 |
| 942 ## - ADDED ENTRY ELEMENTS (KOHA) | |
| Koha item type | Books |
| Withdrawn status | Lost status | Damaged status | Not for loan | Home library | Current library | Shelving location | Date acquired | Cost, normal purchase price | Total Checkouts | Full call number | Barcode | Date last seen | Cost, replacement price | Price effective from | Koha item type | Purchase Price |
|---|---|---|---|---|---|---|---|---|---|---|---|---|---|---|---|---|
| IIA Library-Bangalore | IIA Library-Bangalore | General Stacks | 4254.00 | 047.1:524/ SYU | 10720 | 05/11/2021 | 4254.00 | Books | Rs. 4254 |